000 00584nam a2200217 a 4500
999 _c1759
_d1759
001 1759
003 BD-JhCC
005 20180402195858.0
008 171024s as a|||| ||a| 000 0 eng d
020 _a002256120X
035 _a(BD-JhCC)1759
040 _aBD-JhCC
_dBD-JhCC
041 _aeng
082 _a372.4
_bCLI 1987
245 _aClimb the hills /
_cJack Cassidy, Doris Roettger, Karen K. Wixson
260 _aNew York
_bScribner Educational Publishers,
_c1987.
300 _a624p. :
_billu;
_c24 cm.
650 _aReaders (Elementary)
942 _2ddc
_cBK